| 000 | 00838nam a22002537a 4500 | ||
|---|---|---|---|
| 003 | 0 | ||
| 005 | 20180728113453.0 | ||
| 008 | 0 | ||
| 010 | _aA-937213 | ||
| 020 |
_c00.00 _a8171009824 |
||
| 035 | _aA-937213, A-937214 | ||
| 037 | _bCen Lib/Ret | ||
| 040 |
_aDPL _bEN _c0 |
||
| 082 |
_a327 _bMAD |
||
| 245 |
_aSAARC origin, development and programmes : _cedited by Davinder Kumar Madaan _bfrom first to the ninth SAARC summit / |
||
| 260 |
_aNew Delhi _bDeep and Deep Publications _c1997 |
||
| 270 |
_bNew Delhi _aF-159, Rajouri Garden _e110027 |
||
| 300 |
_aix,241p. _c23cm(Hb) |
||
| 500 | _aIncludes index | ||
| 650 |
_aSouth Asian Association for Regional Cooperation _972306 |
||
| 650 |
_aRegionalism (International organization) _98180 |
||
| 700 |
_aMadaan, Davinder Kumar _95493 |
||
| 942 |
_2ddc _cEN _h327 _mMAD |
||
| 999 |
_c123339 _d123339 |
||